000 00418pab a2200157 454500
008 180718b1987 xxu||||| |||| 00| 0 eng d
100 _aSingh, S.N.
245 _aRural out - migration at house - hold level
_bTwo analytical models
260 _c1987
300 _a211-22
362 _aMar.
650 _aRural - Urban Migration
700 _aH.L. Sharma
773 _aJournal of Rural Development
909 _a17633
999 _c17633
_d17633